| 000 | 00567nam a2200205 a 4500 | ||
|---|---|---|---|
| 005 | 20210219153331.0 | ||
| 008 | 991125n 000 0 spa u | ||
| 035 | _aUPN01000091771 | ||
| 100 | _aMatrosov, V. L. | ||
| 222 | _aSOVIET EDUCATION | ||
| 245 | _aPedagogical education : problems of restructuring | ||
| 300 | _a24-36 | ||
| 362 | _a1991 33, no. 3 | ||
| 653 | 0 | _aACTITUD DOCENTE | |
| 653 | 0 | _aDESARROLLO CURRICULAR | |
| 653 | 0 | _aPROGRAMAS DE EDUCACION A MAESTROS | |
| 653 | 0 | _aRELACIONES INTERPERSONALES | |
| 904 |
_aAC _b029582 |
||
| 905 | _aArticulo | ||
| 999 |
_c74134 _d74134 |
||